[Event "Ibague op"]
[Site "Ibague"]
[Date "2021.10.21"]
[Round "3"]
[White "Juarez Flores, Carlos Armando"]
[Black "Ordonez Gonzalez, Gabriel"]
[Result "1-0"]
[WhiteElo "2374"]
[BlackElo "1971"]
[PlyCount "39"]
[EventDate "2021.10.20"]
[EventType "swiss"]
[EventRounds "9"]
[EventCountry "COL"]
[SourceTitle "CBM 204 Extra"]
[Source "ChessBase"]
[SourceDate "2021.11.30"]
[SourceVersion "1"]
[SourceVersionDate "2021.11.30"]
[SourceQuality "1"]

1. e4 c5 2. Nf3 g6 3. d4 Bg7 4. dxc5 Qa5+ 5. Nc3 Qxc5 6. Nd5 Qa5+ 7. Bd2 Qd8 8. Bc3 Nf6 9. Nxf6+ Bxf6 10. Bxf6 exf6 11. Qd2 0-0 12. 0-0-0 Kg7 13. h4 h6 14. h5 g5 15. Nd4 d6 16. Nb5 Qe7 17. Nxd6 Be6 18. Qb4 Nc6 19. Qxb7 Bd7 20. Qxc6 1-0

[Event "Manizales Las Americas op-A"]
[Site "Manizales"]
[Date "2021.10.17"]
[Round "7"]
[White "Juarez Flores, Carlos Armando"]
[Black "Avila Pavas, Santiago"]
[Result "1/2-1/2"]
[WhiteElo "2374"]
[BlackElo "2412"]
[PlyCount "100"]
[EventDate "2021.10.14"]
[EventType "swiss"]
[EventRounds "10"]
[EventCountry "COL"]
[SourceTitle "CBM 204 Extra"]
[Source "ChessBase"]
[SourceDate "2021.11.30"]
[SourceVersion "1"]
[SourceVersionDate "2021.11.30"]
[SourceQuality "1"]

1. e4 e5 2. Nc3 Nf6 3. f4 d5 4. fxe5 Nxe4 5. Qf3 Nc6 6. Bb5 Nxc3 7. dxc3 Qh4+ 8. g3 Qe4+ 9. Qxe4 dxe4 10. Bxc6+ bxc6 11. Be3 g6 12. 0-0-0 Bg7 13. Bg5 Bf5 14. Bf6 Bxf6 15. exf6 Rd8 16. Ne2 Rd6 17. Rhf1 Kd7 18. Nd4 Bg4 19. Rde1 Re8 20. Rf4 h5 21. b4 e3 22. h4 Re5 23. c4 c5 24. bxc5 Rxc5 25. Rxe3 Rxc4 26. c3 Kd8 27. Kc2 Rc5 28. Re7 Rxf6 29. Rxf7 Rxf7 30. Rxf7 Kc8 31. Rg7 Re5 32. Rxg6 Re3 33. Kd2 Rxg3 34. a4 Rh3 35. Nb5 Rxh4 36. Nxa7+ Kb7 37. Nb5 Rh2+ 38. Ke3 Ra2 39. Rg7 Rxa4 40. Nxc7 Kc6 41. Ne8 h4 42. Rg6+ Kb7 43. Rh6 h3 44. Nd6+ Kc7 45. Ne4 Ra2 46. Nf2 Re2+ 47. Kf4 Rxf2+ 48. Kxg4 h2 49. Kg3 Rc2 50. Rxh2 Rxc3+ 1/2-1/2

[Event "Manizales Las Americas op-A"]
[Site "Manizales"]
[Date "2021.10.16"]
[Round "5"]
[White "Araujo Sanchez, Josue"]
[Black "Juarez Flores, Carlos Armando"]
[Result "0-1"]
[WhiteElo "2344"]
[BlackElo "2374"]
[PlyCount "64"]
[EventDate "2021.10.14"]
[EventType "swiss"]
[EventRounds "10"]
[EventCountry "COL"]
[SourceTitle "CBM 204 Extra"]
[Source "ChessBase"]
[SourceDate "2021.11.30"]
[SourceVersion "1"]
[SourceVersionDate "2021.11.30"]
[SourceQuality "1"]

1. Nf3 d5 2. c4 c6 3. Qc2 Nf6 4. g3 Bg4 5. Bg2 Nbd7 6. b3 e5 7. d3 Bd6 8. h3 Bf5 9. g4 Be6 10. Ng5 0-0 11. Nc3 Rc8 12. Bd2 b5 13. Rd1 Qe7 14. Nxe6 fxe6 15. Qb1 a6 16. cxb5 cxb5 17. e3 d4 18. exd4 exd4 19. Ne2 Nd5 20. 0-0 Nc3 21. Bxc3 dxc3 22. Rc1 b4 23. d4 Nf6 24. Qd3 Nd5 25. Rc2 a5 26. Be4 Qh4 27. Qa6 Rcd8 28. Bxd5 exd5 29. Qxa5 Qxh3 30. Qxd5+ Kh8 31. Qg2 Qd3 32. Rfc1 Rde8 0-1

[Event "Manizales Las Americas op-A"]
[Site "Manizales"]
[Date "2021.10.14"]
[Round "2"]
[White "Ruiz Aguilar, Pablo Alexander"]
[Black "Juarez Flores, Carlos Armando"]
[Result "0-1"]
[WhiteElo "2172"]
[BlackElo "2374"]
[PlyCount "56"]
[EventDate "2021.10.14"]
[EventType "swiss"]
[EventRounds "10"]
[EventCountry "COL"]
[SourceTitle "CBM 204 Extra"]
[Source "ChessBase"]
[SourceDate "2021.11.30"]
[SourceVersion "1"]
[SourceVersionDate "2021.11.30"]
[SourceQuality "1"]

1. e4 c6 2. d4 d5 3. e5 Bf5 4. Nf3 e6 5. Be2 Ne7 6. Nbd2 Nd7 7. Nh4 Qb6 8. Nb3 Bg6 9. 0-0 Nf5 10. Nxg6 hxg6 11. g3 c5 12. c3 Be7 13. Kg2 Rc8 14. dxc5 Nxc5 15. Nd4 a6 16. Rb1 0-0 17. Nxf5 gxf5 18. Be3 Qc7 19. Bd4 Nd7 20. f4 Nc5 21. g4 Ne4 22. Bd3 Bc5 23. Bxc5 Qxc5 24. gxf5 exf5 25. Qh5 Rc6 26. Bxe4 dxe4 27. Qxf5 Rg6+ 28. Kh1 Qc6 0-1

[Event "Online Olym Div2 E"]
[Site "Chess.com INT"]
[Date "2021.09.04"]
[Round "8.4"]
[White "Chavez, Ricardo Ernesto"]
[Black "Juarez Flores, Carlos Armando"]
[Result "1/2-1/2"]
[WhiteElo "2242"]
[BlackElo "2374"]
[PlyCount "74"]
[EventDate "2021.09.02"]
[EventType "team (rapid)"]
[EventRounds "9"]
[EventCountry "USA"]
[SourceTitle "CBM 204 Extra"]
[Source "ChessBase"]
[SourceDate "2021.11.30"]
[SourceVersion "1"]
[SourceVersionDate "2021.11.30"]
[SourceQuality "1"]
[WhiteTeam "El Salvador"]
[BlackTeam "Guatemala"]
[WhiteTeamCountry "ESA"]
[BlackTeamCountry "GUA"]

1. e4 c6 2. d4 d5 3. e5 Bf5 4. Nf3 e6 5. Nbd2 Nd7 6. Nb3 Ne7 7. Be2 Bg6 8. 0-0 Nf5 9. Bd2 Be7 10. c4 0-0 11. c5 b6 12. Rc1 bxc5 13. g4 Nxd4 14. Nbxd4 cxd4 15. Nxd4 Nxe5 16. Bf4 c5 17. Bxe5 cxd4 18. Bxd4 Bd6 19. Qd2 Qh4 20. f4 Be4 21. Rc3 a5 22. Bf2 Qe7 23. a3 f5 24. g5 Rab8 25. Rfc1 e5 26. Bg3 exf4 27. Bxf4 Bxf4 28. Qxf4 Rxb2 29. Rc7 Qxa3 30. R1c3 Qa1+ 31. Kf2 Qh1 32. Rxg7+ Kxg7 33. Qe5+ Kg8 34. Qe6+ Kh8 35. Qe5+ Kg8 36. Qe6+ Kh8 37. Qe5+ Kg8 1/2-1/2

[Event "Online Olym Div2 E"]
[Site "Chess.com INT"]
[Date "2021.09.04"]
[Round "7.3"]
[White "Juarez Flores, Carlos Armando"]
[Black "Duran Vega, Sergio"]
[Result "1-0"]
[WhiteElo "2374"]
[BlackElo "2340"]
[PlyCount "37"]
[EventDate "2021.09.02"]
[EventType "team (rapid)"]
[EventRounds "9"]
[EventCountry "USA"]
[SourceTitle "CBM 204 Extra"]
[Source "ChessBase"]
[SourceDate "2021.11.30"]
[SourceVersion "1"]
[SourceVersionDate "2021.11.30"]
[SourceQuality "1"]
[WhiteTeam "Guatemala"]
[BlackTeam "Costa Rica"]
[WhiteTeamCountry "GUA"]
[BlackTeamCountry "CRI"]

1. e4 e5 2. Nf3 Nc6 3. Nc3 Nf6 4. Bb5 Nd4 5. Nxe5 Qe7 6. Nf3 Nxe4 7. 0-0 Nxc3 8. dxc3 Ne6 9. Re1 c6 10. Ba4 Qd8 11. Ng5 Be7 12. Qh5 Bxg5 13. Bxg5 Qa5 14. Qh4 0-0 15. Be7 Re8 16. Bd6 g5 17. Qg4 f5 18. Qh5 Qd8 19. Bb3 1-0

[Event "Online Olym Div2 E"]
[Site "Chess.com INT"]
[Date "2021.09.04"]
[Round "9.2"]
[White "Juarez Flores, Carlos Armando"]
[Black "Gemy Vargas, Jose Daniel"]
[Result "0-1"]
[WhiteElo "2374"]
[BlackElo "2380"]
[PlyCount "68"]
[EventDate "2021.09.02"]
[EventType "team (rapid)"]
[EventRounds "9"]
[EventCountry "USA"]
[SourceTitle "CBM 204 Extra"]
[Source "ChessBase"]
[SourceDate "2021.11.30"]
[SourceVersion "1"]
[SourceVersionDate "2021.11.30"]
[SourceQuality "1"]
[WhiteTeam "Guatemala"]
[BlackTeam "Bolivia"]
[WhiteTeamCountry "GUA"]
[BlackTeamCountry "BOL"]

1. e4 e5 2. Nf3 Nc6 3. Nc3 Nf6 4. Bb5 d6 5. d4 exd4 6. Nxd4 Bd7 7. 0-0 Nxd4 8. Qxd4 Bxb5 9. Nxb5 a6 10. Nc3 Be7 11. Bg5 h6 12. Bh4 0-0 13. Rfe1 Re8 14. Rad1 Nd7 15. Bxe7 Rxe7 16. Nd5 Re6 17. f4 Nf6 18. Nc3 Qe7 19. Re3 Re8 20. Rde1 b5 21. e5 Ng4 22. Rg3 Qh4 23. Ne4 dxe5 24. fxe5 Rxe5 25. h3 Qxg3 26. Nxg3 Rxe1+ 27. Nf1 Ne3 28. Qd7 Re6 29. Qd8+ Kh7 30. Qd3+ g6 31. Qc3 Rxf1+ 32. Kh2 Rf2 33. Qxc7 Rxg2+ 34. Kh1 Rf6 0-1

[Event "Online Olym Div2 E"]
[Site "Chess.com INT"]
[Date "2021.09.03"]
[Round "6.3"]
[White "Benitez Galeano, Alejandro"]
[Black "Juarez Flores, Carlos Armando"]
[Result "0-1"]
[WhiteElo "2201"]
[BlackElo "2374"]
[PlyCount "40"]
[EventDate "2021.09.02"]
[EventType "team (rapid)"]
[EventRounds "9"]
[EventCountry "USA"]
[SourceTitle "CBM 204 Extra"]
[Source "ChessBase"]
[SourceDate "2021.11.30"]
[SourceVersion "1"]
[SourceVersionDate "2021.11.30"]
[SourceQuality "1"]
[WhiteTeam "Paraguay"]
[BlackTeam "Guatemala"]
[WhiteTeamCountry "PAR"]
[BlackTeamCountry "GUA"]

1. Nf3 b5 2. Na3 b4 3. Nc4 d5 4. Ne3 c5 5. a3 bxa3 6. bxa3 Nc6 7. g3 Nf6 8. Bg2 g6 9. c4 Bg7 10. Bb2 d4 11. Nxd4 cxd4 12. Bxc6+ Bd7 13. Bxa8 Qxa8 14. Nd5 Nxd5 15. cxd5 Qxd5 16. f3 0-0 17. 0-0 h5 18. e4 Qb5 19. Rb1 Qd3 20. Bc1 Qxb1 0-1

[Event "Caissa Guatemala Online"]
[Site "Chess.com INT"]
[Date "2021.01.23"]
[Round "7"]
[White "Juarez Flores, Carlos Armando"]
[Black "Pichot, Alan"]
[Result "0-1"]
[WhiteElo "2374"]
[BlackElo "2630"]
[PlyCount "20"]
[EventDate "2021.01.23"]
[EventType "swiss (blitz)"]
[EventRounds "7"]
[EventCountry "GUA"]
[SourceTitle "CBM 200 Extra"]
[Source "ChessBase"]
[SourceDate "2021.03.31"]
[SourceVersion "1"]
[SourceVersionDate "2021.03.31"]
[SourceQuality "1"]

1. e4 c5 2. Nf3 Nc6 3. d4 cxd4 4. Nxd4 e6 5. Nc3 Qc7 6. g3 a6 7. Bg2 h5 8. h3 h4 9. g4 Nge7 10. Be3 Ng6 0-1

[Event "Titled Tuesday intern op 14th July"]
[Site "Chess.com INT"]
[Date "2020.07.14"]
[Round "2"]
[White "Hrabinska, Myroslava"]
[Black "Juarez Flores, Carlos Armando"]
[Result "1-0"]
[WhiteElo "2235"]
[BlackElo "2374"]
[PlyCount "125"]
[EventDate "2020.07.14"]
[EventType "swiss (blitz)"]
[EventRounds "10"]
[EventCountry "USA"]
[SourceTitle "CBM 197 Extra"]
[Source "ChessBase"]
[SourceDate "2020.09.30"]
[SourceVersion "1"]
[SourceVersionDate "2020.09.30"]
[SourceQuality "1"]

1. e4 e6 2. Nf3 d5 3. e5 c5 4. b4 b6 5. a3 Ne7 6. c3 Nf5 7. d4 Nc6 8. Bb5 Bd7 9. Qa4 Qc7 10. Be3 Be7 11. Nbd2 0-0 12. 0-0 a6 13. Bxc6 Bxc6 14. Qb3 Bb5 15. Rfc1 Nxe3 16. fxe3 Rfc8 17. a4 Bd3 18. bxc5 bxc5 19. c4 dxc4 20. Nxc4 Be4 21. Nb6 Rab8 22. a5 Qb7 23. Qd1 Rd8 24. Qf1 Bxf3 25. Qxf3 Qxf3 26. gxf3 cxd4 27. e4 Bg5 28. Rc6 d3 29. Kf1 Bf4 30. h3 Bxe5 31. Rd1 h6 32. Nc4 Bc3 33. Rxa6 Rd4 34. Nb6 Rbd8 35. Ra7 Rb4 36. Kf2 Rb2+ 37. Ke3 Bd4+ 38. Kf4 Bxb6 39. axb6 Rxb6 40. Ke3 Rb3 41. Rd2 Rb1 42. Rc7 Rh1 43. h4 Rxh4 44. Rxd3 Rxd3+ 45. Kxd3 Rh3 46. Ke3 h5 47. Kf4 h4 48. Kg4 Rh1 49. f4 g6 50. f5 exf5+ 51. exf5 Kg7 52. fxg6 Kxg6 53. Rc6+ f6 54. Kf3 Kg5 55. Kg2 Rd1 56. Rc3 Rd4 57. Rb3 f5 58. Ra3 Rg4+ 59. Kh2 Rd4 60. Kg2 Rc4 61. Kf2 Rc2+ 62. Kg1 Rc4 63. Rb3 1-0

[Event "Titled Tuesday intern op 14th July"]
[Site "Chess.com INT"]
[Date "2020.07.14"]
[Round "1"]
[White "Juarez Flores, Carlos Armando"]
[Black "Deac, Bogdan Daniel"]
[Result "0-1"]
[WhiteElo "2374"]
[BlackElo "2625"]
[PlyCount "58"]
[EventDate "2020.07.14"]
[EventType "swiss (blitz)"]
[EventRounds "10"]
[EventCountry "USA"]
[SourceTitle "CBM 197 Extra"]
[Source "ChessBase"]
[SourceDate "2020.09.30"]
[SourceVersion "1"]
[SourceVersionDate "2020.09.30"]
[SourceQuality "1"]

1. e4 c5 2. Nf3 d6 3. d4 cxd4 4. Nxd4 Nf6 5. f3 e5 6. Nb3 d5 7. Bg5 d4 8. c3 Nc6 9. Bb5 h6 10. Bxf6 Qxf6 11. cxd4 Bb4+ 12. Nc3 0-0 13. Bxc6 bxc6 14. dxe5 Qxe5 15. Qd4 Qe7 16. 0-0 Be6 17. Kh1 a5 18. Na4 Rfd8 19. Qe3 Bc4 20. Rfd1 Bb5 21. Nb6 Rxd1+ 22. Rxd1 Rd8 23. Rxd8+ Qxd8 24. a3 Qd1+ 25. Qg1 Qxb3 26. axb4 axb4 27. Qc1 Qd3 28. h3 Qd4 29. Nc8 Kf8 0-1

[Event "Titled Tuesday intern op 30th June"]
[Site "Chess.com INT"]
[Date "2020.06.30"]
[Round "5"]
[White "Khegay, Dmitriy"]
[Black "Juarez Flores, Carlos Armando"]
[Result "1-0"]
[WhiteElo "2528"]
[BlackElo "2374"]
[PlyCount "83"]
[EventDate "2020.06.30"]
[EventType "swiss (blitz)"]
[EventRounds "10"]
[EventCountry "USA"]
[SourceTitle "CBM 197 Extra"]
[Source "ChessBase"]
[SourceDate "2020.09.30"]
[SourceVersion "1"]
[SourceVersionDate "2020.09.30"]
[SourceQuality "1"]

1. b3 d5 2. Bb2 Nc6 3. e3 e5 4. Bb5 Bd6 5. f4 Qe7 6. Nf3 Bg4 7. fxe5 Bxe5 8. Bxe5 Bxf3 9. Qxf3 Qxe5 10. Nc3 Nf6 11. 0-0 0-0 12. Bxc6 bxc6 13. Qf4 Rfe8 14. Qxe5 Rxe5 15. Rf4 Ne8 16. Na4 Nd6 17. Nc5 Ne4 18. Nxe4 dxe4 19. Kf1 Rd8 20. Ke2 g5 21. Rff1 Red5 22. Rfd1 f5 23. g3 Kg7 24. Rac1 Kf6 25. d3 Ra5 26. a4 Rc5 27. d4 Rcd5 28. c4 R5d7 29. b4 a6 30. b5 axb5 31. cxb5 cxb5 32. axb5 Rb8 33. Rc5 Rd6 34. Rf1 Kg6 35. Rfxf5 h6 36. Rfe5 Rdb6 37. h4 gxh4 38. gxh4 R8b7 39. h5+ Kf7 40. Kf2 Kf6 41. Kg3 Rb8 42. Kf4 1-0